Man ,ape / angel / (Record no. 127444)

MARC details
000 -LEADER
fixed length control field 00651nam a22002297a 4500
005 - DATE AND TIME OF LATEST TRANSACTION
control field 20170124110025.0
010 ## - LIBRARY OF CONGRESS CONTROL NUMBER
LC control number B-045751
020 ## - INTERNATIONAL STANDARD BOOK NUMBER
Terms of availability 00.00
035 ## - SYSTEM CONTROL NUMBER
System control number B-045751
037 ## - SOURCE OF ACQUISITION
Source of stock number/acquisition Cen Lib/Ret
040 ## - CATALOGING SOURCE
Original cataloging agency DPL
Language of cataloging EN
082 ## - DEWEY DECIMAL CLASSIFICATION NUMBER
Classification number 575
Item number COO
100 ## - MAIN ENTRY--PERSONAL NAME
Personal name Cooper, Frederick Grantham
9 (RLIN) 20519
245 ## - TITLE STATEMENT
Title Man ,ape / angel /
Statement of responsibility, etc by Frederick Grantham Cooper
260 ## - PUBLICATION, DISTRIBUTION, ETC. (IMPRINT)
Place of publication, distribution, etc England
Name of publisher, distributor, etc Apex books
Date of publication, distribution, etc 1994
270 ## - ADDRESS
Address 31 Tower Road ST. Leonards
City England
300 ## - PHYSICAL DESCRIPTION
Extent 277p.
Dimensions 20cm(pbk)
650 ## - SUBJECT ADDED ENTRY--TOPICAL TERM
Topical term or geographic name as entry element Creationism
9 (RLIN) 20520
650 ## - SUBJECT ADDED ENTRY--TOPICAL TERM
Topical term or geographic name as entry element Human evolution--Religious aspects
9 (RLIN) 20521
700 ## - ADDED ENTRY--PERSONAL NAME
9 (RLIN) 20425
942 ## - ADDED ENTRY ELEMENTS (KOHA)
Source of classification or shelving scheme Dewey Decimal Classification
Koha item type English Books
Classification part 575
Call number suffix COO
Holdings
Withdrawn status Lost status Damaged status Not for loan Home library Current library Date acquired Source of acquisition Cost, normal purchase price Total Checkouts Full call number Barcode Date last seen Date checked out Copy number Cost, replacement price Price effective from Koha item type
        Central Library Central Library 29/06/2015 Cen Lib/Ret 0.00 1 575 COO B-045751 06/10/2022 24/09/2022 1 0.00 29/06/2015 English Books

© Delhi Public Library
Hit Counter
free hit counter